| 000 | 00612cam a22002052 4500 | ||
|---|---|---|---|
| 001 | 0000024865 | ||
| 005 | 20151217152306.0 | ||
| 008 | 140320s xx 000 0 eng d | ||
| 020 | _a1121914063 | ||
| 040 |
_aKABU _cKABU |
||
| 100 | 1 |
_aBaran, Stanley J. _@0000169631 |
|
| 245 | 1 | 0 |
_aIntroduction to mass communication : _bmedia literacy and culture / _cStanley J. Baran. |
| 250 | _aAfrican ed. | ||
| 260 |
_aNew York : _bMcGraw-Hill, _c2013. |
||
| 300 | _a474 p. | ||
| 650 | 0 |
_aMass media. _@0000159400 |
|
| 852 | 1 | _9p3950 KES | |
| 908 | _a140320 | ||
| 950 | _@1 | ||
| 999 |
_c10396 _d10396 |
||